| 000 | nam a22 7a 4500 | ||
|---|---|---|---|
| 999 |
_c233426 _d233426 |
||
| 003 | Nust | ||
| 005 | 20170307152505.0 | ||
| 008 | 170307b xxu||||| |||| 00| 0 eng d | ||
| 040 | _cDLC | ||
| 082 | _a577 PRA | ||
| 245 |
_aBasics of Ecology / _cPradhan,N.C. |
||
| 260 |
_aNew Delhi : _bAnmol Publications, |
||
| 300 |
_a327p. : _c25cm |
||
| 942 |
_2ddc _cBK |
||